$ome $exy $ongs 4 U - Drake & PARTYNEXTDOOR (Tracklist) - Statistics

General Stats
  • This quiz has been taken 20 times
  • The average score is 12 of 21
Answer Stats
TRACKS % Correct
NOKIA
94%
DIE TRYING
88%
CN TOWER
82%
SOMEBODY LOVES ME
76%
CELIBACY
71%
GREEDY
71%
MEET YOUR PADRE
65%
SOMETHING ABOUT YOU
65%
LASERS
59%
OMW
59%
DEEPER
53%
GIMME A HUG
53%
MOTH BALLS
53%
BRIAN STEEL
47%
CRYING IN CHANEL
47%
RAINING IN HOUSTON
47%
SMALL TOWN FAME
47%
SPIDER-MAN SUPERMAN
47%
WHEN HE'S GONE
47%
GLORIOUS
41%
PIMMIE'S DILEMMA
35%
No matching quizzes found
Score Distribution
Percent of People with Each Score
Percentile by Number Answered
Your Score History
You have not taken this quiz